Informe de plaguicidas de El Salvador

Kaydedildi:
Detaylı Bibliyografya
Materyal Türü: Metin
Baskı/Yayın Bilgisi: s.l.: s.e.
Etiketler: Etiketle
Etiket eklenmemiş, İlk siz ekleyin!

MARC

LEADER 00000 a a2200000 04500
001 22754
003
040
090 |a 156400  
245 |a Informe de plaguicidas de El Salvador  
260 |a s.l.:   |b s.e.  
300 |a p.irreg.   |b **no definido**   |b map.  
999 |c 15847  |d 15847